| 000 | 01423cam a22003614a 4500 | ||
|---|---|---|---|
| 090 | _c10267 | ||
| 001 | 13489543 | ||
| 005 | 20201128013436.0 | ||
| 008 | 040213s2004 enka b 001 0 eng | ||
| 010 | _a 2004003361 | ||
| 015 | _aGBA4-Y4077 | ||
| 020 | _a0470092300 (pbk. : alk. paper) | ||
| 020 | _a9780470092309 | ||
| 035 | _a(OCoLC)ocm54487381 | ||
| 040 |
_aDLC _cDLC _dUKM _dBAKER _dC#P _dDLC |
||
| 042 | _apcc | ||
| 050 | 0 | 0 |
_aT57.62 _b.P53 2004 |
| 082 | 0 | 0 |
_a658.40352 _222 _bPID |
| 100 | 1 |
_aPidd, Michael _9936 |
|
| 245 | 1 | 0 |
_aComputer simulation in management science / _cMichael Pidd. |
| 250 | _a5th ed. | ||
| 260 |
_aChichester, England ; _aHoboken, NJ : _bWiley, _cc2004. |
||
| 260 | _bDistributer: Baccah | ||
| 300 |
_axvi, 311 p. : _bill. ; _c25 cm. |
||
| 504 | _aIncludes bibliographical references and index. | ||
| 650 | 0 |
_aManagement science _xComputer simulation. _9913 |
|
| 856 | 4 | 1 |
_3Table of contents _uhttp://www.loc.gov/catdir/toc/ecip0415/2004003361.html |
| 856 | 4 | 2 |
_3Contributor biographical information _uhttp://www.loc.gov/catdir/enhancements/fy0827/2004003361-b.html |
| 856 | 4 | 2 |
_3Publisher description _uhttp://www.loc.gov/catdir/enhancements/fy0827/2004003361-d.html |
| 906 |
_a7 _bcbc _corignew _d1 _eecip _f20 _gy-gencatlg |
||
| 942 |
_2ddc _cBB |
||
| 999 |
_c10267 _d10267 |
||